[Event "AUTO-OPEN-1611"]
[Site "http://www.queenalice.com/game.php?id=614615"]
[Date "2009.7.7"]
[Round "1"]
[White "Dougtzu"]
[Black "HelderC"]
[Result "1-0"]
[WhiteElo "1870"]
[BlackElo "1060"]

1. d4 f5 2. c4 g5 3. Bxg5 Bg7 4. e4 Nc6 5. Qh5+ Kf8 6. d5 Ne5 7. exf5 d6 8. f4
Bxf5 9. h3 Nf6 10. Bxf6 exf6 11. fxe5 Be4 12. e6 Rg8 13. Qf7# 1-0

[Event "AUTO-OPEN-1611"]
[Site "http://www.queenalice.com/game.php?id=614616"]
[Date "2009.7.7"]
[Round "1"]
[White "HelderC"]
[Black "Osedvr"]
[Result "0-1"]
[WhiteElo "1072"]
[BlackElo "1845"]

1. Nc3 e5 2. f3 d5 3. Nxd5 Qxd5 4. g3 Nc6 5. Rb1 Nf6 6. b3 Bd6 7. Bb2 Bg4 8. e3
Bd7 9. h3 O-O-O 10. Ne2 Qxf3 11. c4 Qxh1 12. Kf2 Ne4+ 13. Ke1 Bxh3 14. Ng1 Qxg1
15. Qe2 Qxf1+ 0-1

[Event "AUTO-OPEN-1611"]
[Site "http://www.queenalice.com/game.php?id=614617"]
[Date "2009.7.7"]
[Round "1"]
[White "Osedvr"]
[Black "HelderC"]
[Result "1-0"]
[WhiteElo "1843"]
[BlackElo "1072"]

1. e4 Nf6 2. Nc3 c5 3. Bc4 d6 4. h3 b6 5. Qf3 Nc6 6. Nge2 g6 7. d3 Na5 8. e5 Rb8
9. exf6 Nxc4 10. fxe7 Qxe7 11. O-O Bg7 12. Re1 Ne5 13. Qg3 h6 14. Bf4 Nd7 15.
Nd4 Bxd4 16. Rxe7+ 1-0

[Event "Challenge"]
[Site "http://www.queenalice.com/game.php?id=619228"]
[Date "2009.7.15"]
[Round "-"]
[White "mbacellar"]
[Black "HelderC"]
[Result "1-0"]
[WhiteElo "1233"]
[BlackElo "1022"]

1. Nc3 Nf6 2. e4 b6 3. h3 c5 4. d3 g6 5. e5 Nh5 6. g4 Bb7 7. f3 Nc6 8. Ne4 e6 9.
gxh5 Bg7 10. Bg5 Qxg5 11. Nxg5 Nxe5 12. f4 gxh5 13. fxe5 Bxe5 14. Qxh5 Bxb2 15.
Rb1 h6 16. Nxf7 Ke7 17. Rxb2 1-0

[Event "Let's Play Chess!"]
[Site "http://www.queenalice.com/game.php?id=620349"]
[Date "2009.7.17"]
[Round "-"]
[White "HelderC"]
[Black "Marcelo23Xadrez"]
[Result "0-1"]
[WhiteElo "1081"]
[BlackElo "1410"]

1. b4 e5 2. Nc3 Bxb4 3. e4 Bxc3 4. dxc3 Nf6 5. f3 O-O 6. Ba3 d6 7. g3 Nc6 8. Ne2
Be6 9. h4 Qd7 10. Rb1 Na5 11. Nd4 exd4 12. cxd4 Bxa2 13. Ra1 Bc4 14. Bxc4 Nxc4
15. Bb4 Rfd8 16. Rh2 Qc8 17. Qd3 Nb6 18. Rb1 c5 19. Ba3 c4 0-1

[Event "AUTO-BEG-330"]
[Site "http://www.queenalice.com/game.php?id=623993"]
[Date "2009.7.24"]
[Round "1"]
[White "AnDante"]
[Black "HelderC"]
[Result "1-0"]
[WhiteElo "1270"]
[BlackElo "1011"]

1. Nf3 Nf6 2. d4 d5 3. Bf4 Bd7 4. h3 g6 5. e3 Bg7 6. Bd3 O-O 7. h4 Nh5 8. b4 a6
9. Qd2 Nxf4 10. exf4 Bg4 11. Nh2 Bxd4 12. c3 Qd7 13. cxd4 Be6 14. Qc2 b5 15. Nc3
Nc6 16. O-O-O Nxd4 17. Qd2 Qc6 18. Qe3 Qxc3+ 19. Bc2 1-0

[Event "AUTO-BEG-330"]
[Site "http://www.queenalice.com/game.php?id=623994"]
[Date "2009.7.24"]
[Round "1"]
[White "HelderC"]
[Black "AnDante"]
[Result "0-1"]
[WhiteElo "1060"]
[BlackElo "1172"]

1. Nc3 e5 2. e4 Nf6 3. f3 a5 4. b3 Qe7 5. Bb2 c6 6. Qe2 b6 7. g3 b5 8. Bg2 a4 9.
O-O-O a3 10. Ba1 Ra4 11. bxa4 Qb4 12. axb5 Bc5 13. Rf1 O-O 14. Nh3 h6 15. Kd1
Bd4 16. Nd5 Qb1# 0-1

[Event "AUTO-BEG-330"]
[Site "http://www.queenalice.com/game.php?id=624009"]
[Date "2009.7.24"]
[Round "1"]
[White "Edgard1995"]
[Black "HelderC"]
[Result "1-0"]
[WhiteElo "1472"]
[BlackElo "1073"]

1. e4 Nf6 2. Nc3 c5 3. Bc4 g5 4. d3 a5 5. Bxg5 Rg8 6. Nf3 Nc6 7. Qd2 d6 8. Nd5
Nxd5 9. Bxd5 Ne5 10. Qf4 Nxf3+ 11. gxf3 Bg7 12. Qxf7+ Kd7 13. Qe6+ Ke8 14. Qxg8+
Kd7 15. Qxg7 Kc7 16. Qxh7 Ra6 17. Bxe7 Qxe7 18. Qxe7+ Kb8 19. Qe8 Ka7 20. Qxc8
Rb6 21. Rg1 Ka6 22. Qa8+ 1-0

[Event "AUTO-BEG-330"]
[Site "http://www.queenalice.com/game.php?id=624010"]
[Date "2009.7.24"]
[Round "1"]
[White "HelderC"]
[Black "Edgard1995"]
[Result "0-1"]
[WhiteElo "1100"]
[BlackElo "1338"]

1. Nc3 e5 2. e4 Nc6 3. b3 Bc5 4. Nge2 d6 5. a4 Nf6 6. Ng3 Ng4 7. f3 Nf2 8. Ke2
Nxd1 9. Kxd1 Bd4 10. Nge2 Qg5 11. Nxd4 Nxd4 12. Bb5+ c6 13. Bc4 Qxg2 14. Re1
Qxf3+ 15. Ne2 Qxe4 16. Nc3 Qxc2# 0-1

[Event "Cruzeiro"]
[Site "http://www.queenalice.com/game.php?id=856604"]
[Date "2010.11.19"]
[Round "-"]
[White "HelderC"]
[Black "McKubik"]
[Result "0-1"]
[WhiteElo "1003"]
[BlackElo "1391"]

1. Nc3 e5 2. Nf3 Nc6 3. g4 Nf6 4. b3 Nxg4 5. h3 Nh6 6. Bb2 Nb4 7. Nxe5 Qe7 8.
Nf3 d5 9. d4 Bf5 10. Ne5 Nxc2+ 11. Qxc2 Bxc2 12. Rc1 Bg6 13. Nxg6 hxg6 14. a3
Nf5 15. Rd1 O-O-O 16. Nxd5 Rxd5 17. Bg2 Rb5 18. Rd3 Rh4 19. a4 Rb4 20. Re3 Nxe3
21. Bf3 Nc2+ 22. Kd2 Rhxd4+ 23. Bxd4 Nxd4 24. Be4 Qxe4 25. Rg1 Qxe2+ 0-1

[Event "Challenge"]
[Site "http://www.queenalice.com/game.php?id=864210"]
[Date "2010.11.27"]
[Round "-"]
[White "HelderC"]
[Black "rayan10"]
[Result "0-1"]
[WhiteElo "1002"]
[BlackElo "1734"]

1. Nc3 e5 2. Nf3 Nc6 3. e3 Nf6 4. b3 Bb4 5. d4 Bxc3+ 6. Ke2 Bxa1 7. Qd3 O-O 8.
dxe5 Nxe5 9. Nxe5 Bxe5 10. g3 d5 11. Ba3 Re8 12. f4 Bd6 13. Bxd6 Qxd6 14. Qb5
Ne4 15. Qxe8+ Qf8 16. Qxf8+ Kxf8 17. Rg1 Nc3+ 18. Kd2 Ne4+ 19. Kd1 Bf5 20. Rg2
Bh3 21. Rg1 Bxf1 22. Rxf1 Re8 23. Re1 f5 24. Kc1 Kf7 25. Rd1 Ke6 26. c4 c6 27.
g4 fxg4 28. Rg1 Kf5 29. h3 h5 30. hxg4+ hxg4 31. Rh1 Nc3 32. Rh5+ Ke4 33. Kc2
Nxa2 34. Re5+ Rxe5 35. fxe5 Kxe5 36. cxd5 g3 37. dxc6 bxc6 38. Kd3 g2 39. Kc4
g1=Q 0-1

[Event "AUTO-OPEN-2178"]
[Site "http://www.queenalice.com/game.php?id=864355"]
[Date "2010.11.27"]
[Round "1"]
[White "stevelco"]
[Black "HelderC"]
[Result "1-0"]
[WhiteElo "2043"]
[BlackElo "1002"]

1. e4 e5 2. Bc4 Nf6 3. d3 b6 4. Nc3 Nc6 5. f4 Na5 6. fxe5 Nxc4 7. exf6 gxf6 8.
dxc4 Rg8 9. Qf3 Qe7 10. Nd5 Qd6 11. Nxf6+ Qxf6 12. Qxf6 Bb4+ 13. c3 Be7 14. Qf2
Ba6 15. Ne2 Rd8 16. O-O Rg4 17. Qxf7# 1-0

[Event "AUTO-OPEN-2178"]
[Site "http://www.queenalice.com/game.php?id=864356"]
[Date "2010.11.27"]
[Round "1"]
[White "HelderC"]
[Black "stevelco"]
[Result "0-1"]
[WhiteElo "1002"]
[BlackElo "2041"]

1. Nc3 d5 2. Nf3 c6 3. g3 Nf6 4. b3 g6 5. h3 Bg7 6. d4 O-O 7. Ba3 Re8 8. h4 Qa5
9. Qd2 Qxa3 10. Rb1 Nbd7 11. Ra1 e5 12. Nb1 Qb2 13. Qd1 Qxa1 14. e3 exd4 0-1

[Event "AUTO-OPEN-2178"]
[Site "http://www.queenalice.com/game.php?id=864381"]
[Date "2010.11.27"]
[Round "1"]
[White "HelderC"]
[Black "marcoswerneck"]
[Result "0-1"]
[WhiteElo "1002"]
[BlackElo "1835"]

1. d3 d5 2. b3 e5 3. Nc3 d4 4. Ne4 Nc6 5. Nf3 Nf6 6. Nxf6+ Qxf6 7. g4 Nb4 8. c3
dxc3 9. a3 c2 10. Qd2 e4 11. dxe4 Bxg4 12. h3 Rd8 13. hxg4 Rxd2 14. Bxd2 Qxa1+
15. Bc1 Qxc1# 0-1

[Event "AUTO-OPEN-2178"]
[Site "http://www.queenalice.com/game.php?id=864382"]
[Date "2010.11.27"]
[Round "1"]
[White "marcoswerneck"]
[Black "HelderC"]
[Result "1-0"]
[WhiteElo "1835"]
[BlackElo "1002"]

1. e4 b6 2. d4 Nc6 3. e5 e6 4. Nf3 d6 5. Bb5 Qd7 6. Nc3 a6 7. Bd3 f6 8. O-O fxe5
9. dxe5 Nxe5 10. Nxe5 dxe5 11. Be4 Qxd1 12. Rxd1 Rb8 13. Bc6+ Ke7 14. Bg5+ Nf6
15. Ne4 Kf7 16. Ng3 h6 17. Bxf6 gxf6 18. Rd8 Rg8 19. Nh5 Ke7 20. Re8+ 1-0

[Event "AUTO-OPEN-2178"]
[Site "http://www.queenalice.com/game.php?id=864383"]
[Date "2010.11.27"]
[Round "1"]
[White "HelderC"]
[Black "Famelo"]
[Result "0-1"]
[WhiteElo "1002"]
[BlackElo "2160"]

1. Nc3 d6 2. Nf3 Nf6 3. d4 g6 4. g3 Bg7 5. b4 O-O 6. Qd2 Bg4 7. Qf4 Bxf3 8. Qxf3
c6 9. Bh3 Qb6 10. Rb1 Nbd7 11. Na4 Qc7 12. Nc3 a5 13. bxa5 Rxa5 14. Qe3 e5 15.
Qd3 exd4 16. Qxd4 Nd5 17. Qd3 Nxc3 18. Qxc3 Bxc3+ 19. Kd1 Rd5+ 20. Bd2 Rxd2+ 21.
Kc1 Qa5 22. Rxb7 Qa3+ 23. Kb1 Ra8 24. Bxd7 Qxa2+ 25. Kc1 Qxc2# 0-1

[Event "AUTO-OPEN-2178"]
[Site "http://www.queenalice.com/game.php?id=864384"]
[Date "2010.11.27"]
[Round "1"]
[White "Famelo"]
[Black "HelderC"]
[Result "1-0"]
[WhiteElo "2147"]
[BlackElo "1002"]

1. f4 Nf6 2. Nf3 d5 3. e3 Nc6 4. Be2 g6 5. O-O b6 6. d4 a5 7. c3 Ba6 8. Ne5 Nxe5
9. fxe5 Ne4 10. Bxa6 Rxa6 11. Qe2 Qa8 12. Nd2 Nxd2 13. Bxd2 h5 14. Qf3 Qc6 15.
Qxf7+ Kd7 16. Rf6 Qxf6 17. exf6 Kc8 18. fxe7 Bh6 19. Rf1 Kb7 20. Qxd5+ Ka7 21.
Qd8 Rxd8 22. exd8=Q a4 23. Rf7 Kb7 24. Qxc7+ 1-0